BSOP header

General psychology (Record no. 50880)

MARC details
000 -LEADER
fixed length control field 00991cam a2200313Ia 4500
001 - CONTROL NUMBER
control field 987937
003 - CONTROL NUMBER IDENTIFIER
control field SIRSI
005 - DATE AND TIME OF LATEST TRANSACTION
control field 20250224133303.0
008 - FIXED-LENGTH DATA ELEMENTS--GENERAL INFORMATION
fixed length control field 740823s1955 nyua 000 0 eng
010 ## - LIBRARY OF CONGRESS CONTROL NUMBER
LC control number 55002303 /L
035 ## - SYSTEM CONTROL NUMBER
System control number (Sirsi) o00987937
035 ## - SYSTEM CONTROL NUMBER
System control number (Sirsi) 01-AAD-5500
036 ## - ORIGINAL STUDY NUMBER FOR COMPUTER DATA FILES
Original study number u35317
040 ## - CATALOGING SOURCE
Original cataloging agency DLC
Transcribing agency CSU
Modifying agency SER
-- m.c.
-- TSW
049 ## - LOCAL HOLDINGS (OCLC)
Holding library TSWB
Copy statement 1
100 1# - MAIN ENTRY--PERSONAL NAME
Personal name Garrett, Henry E.
Fuller form of name (Henry Edward),
Dates associated with a name 1894-1973.
245 10 - TITLE STATEMENT
Title General psychology
Medium [electronic resource] /
Statement of responsibility, etc Henry E Garrett.
260 ## - PUBLICATION, DISTRIBUTION, ETC. (IMPRINT)
Place of publication, distribution, etc New York :
Name of publisher, distributor, etc American Book Co.,
Date of publication, distribution, etc [1955].
300 ## - PHYSICAL DESCRIPTION
Extent 1 online resource (664 p.) :
Other physical details ill. ;
Dimensions 25 cm.
336 ## - CONTENT TYPE
Content Type Term text
337 ## - MEDIA TYPE
Media Type Term computer
338 ## - CARRIER TYPE
Carrier Type Term online resource
490 0# - SERIES STATEMENT
Series statement American psychology series.
500 ## - GENERAL NOTE
General note "Based in part on [the author's] Psychology."
650 #0 - SUBJECT ADDED ENTRY--TOPICAL TERM
Topical term or geographic name as entry element Psychology.
655 #4 - INDEX TERM--GENRE/FORM
Genre/form data or focus term Electronic books
856 ## - ELECTRONIC LOCATION AND ACCESS
Uniform Resource Identifier <a href="https://drive.google.com/file/d/1Rhj1tMMwPLW-zfTJ03OQAZZh9yTyNU5x/view?usp=sharing">https://drive.google.com/file/d/1Rhj1tMMwPLW-zfTJ03OQAZZh9yTyNU5x/view?usp=sharing</a>
942 ## - ADDED ENTRY ELEMENTS (KOHA)
Source of classification or shelving scheme Library of Congress Classification
Item type eBooks
Holdings
Withdrawn status Lost status Source of classification or shelving scheme Damaged status Not for loan Home library Current library Date acquired Inventory number Total Checkouts Date last seen Price effective from Koha item type
    Library of Congress Classification     BSOP Library Digital Library 05/07/2024 eB-00082   05/07/2024 05/07/2024 eBooks
BSOP

Biblical Seminary of the Philippines
  All rights Reserved
  © 2024

CONTACT INFORMATION

Biblical Seminary of the Philippines,
  77-B Karuhatan Road, Valenzuela City,
  PHILIPPINES 1441
  Phone: +632 8292-6795 / 8292-6798
  Fax : +632 8292-6675
  Email: library@bsop.edu.ph